000 00565nam a2200157Ia 4500
003 Ost
005 20260507075701.0
008 260507s9999||||xx |||||||||||||| ||und||
040 _cfsecg
041 _aara
100 _aعبد الخالق، السيد احمد
_eمؤلف
245 0 _aتحرير التجارة العالمية في دول العالم النامي /
_c السيد احمد عبد الخالق
260 _aالاسكندرية:
_bالدار الجامعية,
_c2003
653 _aدول نامية - تجارة عالمية
942 _cكتاب
999 _c45815
_d45815